Informe sobre las perspectivas y problemas de desarrollo de la provincia de Barcelona : Barcelona, mayo de 1974 : texto provisional Barcelona, mayo de 1974 :
Descripción Física:
166 f. ; 29 cm
MARC
| LEADER | 00000nam a2200000Ia 4500 | ||
|---|---|---|---|
| 001 | 1594 | ||
| 008 | 160829s1974] xx 000 0 cat d | ||
| 080 | |a M-1-102 | ||
| 245 | |a Informe sobre las perspectivas y problemas de desarrollo de la provincia de Barcelona : |b Barcelona, mayo de 1974 : |b texto provisional | ||
| 260 | |a [Barcelona : |b s.n., |c 1974] | ||
| 300 | |a 166 f. ; |c 29 cm | ||
| 651 | 0 | |a Barcelona (Catalunya : Província) |x Condicions econòmiques |9 54161 | |
| 901 | |a Arxiu | ||
| 942 | |n 1 | ||
| 952 | |0 0 |1 0 |4 0 |6 M1102 |7 1 |9 42044 |a Arxiu |b Arxiu |d 2016-12-01 |l 0 |o M-1-102 |p 1594 |r 2016-12-01 00:00:00 |w 2016-12-01 |y ARXIU | ||
| 999 | |c 44491 |d 44491 | ||